Acerca de los estímulos a las exportaciones y su efectividad para lograr incrementarlas (Registro nro. 20230)

Detalles MARC
000 -LEADER
fixed length control field 00366 a2200109 4500
001 - CONTROL NUMBER
control field ART_48870
005 - DATE AND TIME OF LATEST TRANSACTION
control field 20260410161757.0
008 - FIXED-LENGTH DATA ELEMENTS--GENERAL INFORMATION
fixed length control field 260409a
100 1# - MAIN ENTRY--PERSONAL NAME
Personal name Bibiloni, Mario J.
245 10 - TITLE STATEMENT
Title Acerca de los estímulos a las exportaciones y su efectividad para lograr incrementarlas
773 0# - HOST ITEM ENTRY
Title Doctrina tributaria
Related parts - N°470 (mayo 2019)
Record control number REV4296

No hay ítems disponibles.